Engineering mathematics : a foundation for electronic, electrical, communications and systems engineers (Record no. 20869)

MARC details
000 -LEADER
fixed length control field 01247 a2200481 4500
000 - LEADER
fixed length control field BKB
001 - CONTROL NUMBER
control field 140637
005 - DATE AND TIME OF LATEST TRANSACTION
control field 20200902164237.0
008 - FIXED-LENGTH DATA ELEMENTS--GENERAL INFORMATION
fixed length control field
010 ## - LIBRARY OF CONGRESS CONTROL NUMBER
LC control number
020 ## - INTERNATIONAL STANDARD BOOK NUMBER
International Standard Book Number 9789332507586
082 ## - DEWEY DECIMAL CLASSIFICATION NUMBER
Classification number 620.00151
Item number C87E
100 ## - MAIN ENTRY--PERSONAL NAME
Personal name Engineering mathematics : a foundation for electronic, electrical, communications and systems engineers
110 ## - MAIN ENTRY--CORPORATE NAME
Corporate name or jurisdiction name as entry element
245 1# - TITLE STATEMENT
Title Engineering mathematics : a foundation for electronic, electrical, communications and systems engineers
Statement of responsibility, etc by Anthony Croft...[et. al.]
250 ## - EDITION STATEMENT
Edition statement 4th ed.
260 ## - PUBLICATION, DISTRIBUTION, ETC. (IMPRINT)
Place of publication, distribution, etc New Delhi
Name of publisher, distributor, etc Pearson
Date of publication, distribution, etc 2013
300 ## - PHYSICAL DESCRIPTION
Extent 961p.
490 ## - SERIES STATEMENT
Series statement
Volume number/sequential designation
500 ## - GENERAL NOTE
General note
600 ## - SUBJECT ADDED ENTRY--PERSONAL NAME
Personal name
610 ## - SUBJECT ADDED ENTRY--CORPORATE NAME
Corporate name or jurisdiction name as entry element
611 ## - SUBJECT ADDED ENTRY--MEETING NAME
Meeting name or jurisdiction name as entry element
630 ## - SUBJECT ADDED ENTRY--UNIFORM TITLE
Uniform title Mathematics
650 ## - SUBJECT ADDED ENTRY--TOPICAL TERM
Topical term or geographic name as entry element
651 ## - SUBJECT ADDED ENTRY--GEOGRAPHIC NAME
Geographic name
654 ## - SUBJECT ADDED ENTRY--FACETED TOPICAL TERM
Focus term
690 ## - LOCAL SUBJECT ADDED ENTRY--TOPICAL TERM (OCLC, RLIN)
Topical term or geographic name as entry element Engineering mathematics; Electrical engineering--Mathematics; Electronics--Mathematics
700 ## - ADDED ENTRY--PERSONAL NAME
Personal name Croft, Anthony
Numeration
Titles and other words associated with a name
700 ## - ADDED ENTRY--PERSONAL NAME
Personal name Davison, Robert
Numeration
Titles and other words associated with a name
700 ## - ADDED ENTRY--PERSONAL NAME
Personal name Hargreaves, Martin
Numeration
Titles and other words associated with a name
700 ## - ADDED ENTRY--PERSONAL NAME
Personal name Flint, James
Numeration
Titles and other words associated with a name
710 ## - ADDED ENTRY--CORPORATE NAME
Corporate name or jurisdiction name as entry element
Subordinate unit
Location of meeting
711 ## - ADDED ENTRY--MEETING NAME
Meeting name or jurisdiction name as entry element
720 ## - ADDED ENTRY--UNCONTROLLED NAME
Name
730 ## - ADDED ENTRY--UNIFORM TITLE
Uniform title
740 ## - ADDED ENTRY--UNCONTROLLED RELATED/ANALYTICAL TITLE
Uncontrolled related/analytical title
752 ## - ADDED ENTRY--HIERARCHICAL PLACE NAME
Country or larger entity
856 ## - ELECTRONIC LOCATION AND ACCESS
Host name
Path
Electronic name
904 ## - LOCAL DATA ELEMENT D, LDD (RLIN)
a
964 ## -
--
-- ENG
--
--
--
--
--
965 ## -
--
Holdings
Withdrawn status Lost status Damaged status Not for loan Home library Current library Date acquired Cost, normal purchase price Total Checkouts Full call number Barcode Date last seen Date checked out Price effective from Koha item type
        Central University Of Rajasthan Central University Of Rajasthan 12/03/2014 0.00 1 620.00151 C87E 16622 21/11/2024 16/05/2024 02/09/2020 Books
        Central University Of Rajasthan Central University Of Rajasthan 12/03/2014 0.00 4 620.00151 C87E 16621 20/01/2026 15/01/2026 02/09/2020 Books
        Central University Of Rajasthan Central University Of Rajasthan 12/03/2014 0.00 3 620.00151 C87E 16624 06/12/2024 21/11/2024 02/09/2020 Books
        Central University Of Rajasthan Central University Of Rajasthan 12/03/2014 0.00   620.00151 C87E 16623 02/09/2020   02/09/2020 Books